Blood sport : a social history of Spanish bullfighting
Αποθηκεύτηκε σε:
| Κύριος συγγραφέας: | |
|---|---|
| Μορφή: | Βιβλίο |
| Γλώσσα: | English |
| Δημοσίευση: |
Philadelphia :
University of Pensylvania Press,
1991
|
| Θέματα: | |
| Ετικέτες: |
Προσθήκη ετικέτας
Δεν υπάρχουν, Καταχωρήστε ετικέτα πρώτοι!
|
MARC
| LEADER | 00000nam a2200000 i 4500 | ||
|---|---|---|---|
| 001 | 1/3527 | ||
| 008 | 960327s1991 eng d | ||
| 020 | |a 0-8122-1346-7 | ||
| 035 | |l 10015249 | ||
| 040 | |a GR-MY-UA |b gre |e aacr | ||
| 041 | 0 | |a eng | |
| 082 | 0 | |a 791.820946 | |
| 100 | 1 | |a Mitchell, Timothy |q (Timothy J.) | |
| 245 | 1 | 0 | |a Blood sport : |b a social history of Spanish bullfighting / |c Timothy Mitchell |
| 260 | |a Philadelphia : |b University of Pensylvania Press, |c 1991 | ||
| 300 | |a 244 p. | ||
| 500 | |a With an essay and bibliography by Rosario Cambria | ||
| 504 | |a Includes bibliographical references and index | ||
| 650 | 0 | 0 | |a Bullfights |z Spain |x History. |
| 650 | 0 | 0 | |a Bullfights |x Social aspects |z Spain |x History. |
| 852 | |a INST |b LESVOS |e 19960327 |h 791.820946 MIT |p 005100006843 |q 005100006843 |t BK |y 0 | ||
| 909 | |a Λ |b 043933 | ||